00319cam a22000977a 4500008004000000082001500040245007500055260004600130300000900176700003600185180718b1976 xxu||||| |||| 00| 0 eng d aN22x54 In2 aCentral secretariat security instructionscby Ministry of Home Affairs aNew DelhibMinistry of Home Affairsc1976 a58p. aIndia: Ministry of Home Affairs